Préfectures et chefs-lieux des DROM/COM - Statistiques

Statistiques générales
  • Ce quiz a été pris 78 fois
  • Le résultat moyen est 7 sur 11
Statistiques - réponses
DROM Population de la ville Préfecture % Correct
Guyane 63 956 Cayenne
95%
Martinique 74 921 Fort-de-France
95%
La Réunion 154 765 Saint-Denis
95%
Mayotte 71 400 Mamoudzou
85%
Guadeloupe 9 419 Basse-Terre
79%
Nouvelle-Calédonie 94 300 Nouméa
79%
Polynésie Française 26 654 Papeete
73%
Saint-Pierre-et-Miquelon 5 434 Saint-Pierre
63%
Wallis-et-Futuna 984 Mata-Utu
23%
Saint-Barthélémy 3 105 Gustavia
21%
Saint-Martin 2 991 Marigot
21%
Aucun quiz correspondant
Distribution des résultats
% des personnes avec chaque résultat
Percentile par nombre de réponses
Votre historique - résultats
Vous n’avez pas pris ce quiz